00273nam a22001097a 4500041000800000082001600008100003700024245003100061260003000092300001100122650003000133 aENG a248.32bROG aRogerson, J. W. (John William),  aThe Art of Biblical Prayer aGreat BritainbSPCKc2011 a101 P. aPrayer--Biblical teaching